000 01158cam3a220028900 4500
001 lce00790171
008 730809s1973 ne a b 000 0 eng
010 _a 72096497 //r873
015 _aNe***
020 _a9021920565
020 _c
_31.00 (U.S.)
035 _a(Sirsi) r56975
035 _a(DLC) 72096497 //r873
035 _a(UPRA)lce00790171
040 _dUPRA
050 0 _aRG627
_b.A46
082 _a612.6/47
245 0 0 _aAmniotic fluid ; research and clinical application /
_cedited by D.V.I. Fairweather and T.K.A.B. Eskes.
260 _aAmsterdam :
_bExcerpta Medica,
_c1973.
504 _aIncludes bibliographies.
650 0 _aAmniotic liquid -- Analysis.
_xAmniotic liquid -- Analysis.
_6S11396.1
650 0 _aFetus -- Diseases -- Diagnosis.
_xFetus -- Diseases -- Diagnosis.
_xFetus -- Diseases -- Diagnosis.
_6S11397.1
700 1 _aFairweather, D. V. I. (Denys Vivian Ivor).
_qFairweather, D. V. I. (Denys Vivian Ivor).
_6A15884.1
700 1 _aEskes, T. K. A. B. (Tom Kees Anton Bonifacius)
_qEskes, T. K. A. B. (Tom Kees Anton Bonifacius)
_6A15885.1
949 _aRG627
_wlcc
_i-74192
_mMAIN
_tBOOK
_lON-SHELF
004 56975
999 _c149452
_d149452